Eastern Utah Libraries Catalog: Duchesne, Heber, Roosevelt, & Vernal

Persuasion (Record no. 63471)

MARC details
000 -LEADER
fixed length control field 06361cgm a2201249Ia 4500
001 - CONTROL NUMBER
control field ocn180878936
003 - CONTROL NUMBER IDENTIFIER
control field OCoLC
005 - DATE AND TIME OF LATEST TRANSACTION
control field 20241220123742.0
007 - PHYSICAL DESCRIPTION FIXED FIELD--GENERAL INFORMATION
fixed length control field vd cvaizs
008 - FIXED-LENGTH DATA ELEMENTS--GENERAL INFORMATION
fixed length control field 071107s2008 enk093 vleng d
040 ## - CATALOGING SOURCE
Original cataloging agency TEFMT
Language of cataloging eng
Transcribing agency TEFMT
Modifying agency BTCTA
-- OCLCQ
-- RCS
-- WCM
-- OCO
-- IBS
-- OCLCQ
-- AU@
-- IBI
-- CQU
-- TXA
-- CVN
-- OCLCA
-- OCLCQ
-- BDX
-- TEF
-- TXWLY
-- P4I
-- ZCU
-- OCLCO
-- OCLCF
-- OCLCO
-- OCLCA
-- CCY
-- OCL
-- OCLCO
-- WVX
-- UINTA
020 ## - INTERNATIONAL STANDARD BOOK NUMBER
International Standard Book Number 1419865242
020 ## - INTERNATIONAL STANDARD BOOK NUMBER
International Standard Book Number 9781419865244
024 1# - OTHER STANDARD IDENTIFIER
Standard number or code 883929005475
024 1# - OTHER STANDARD IDENTIFIER
Standard number or code 883929318315
024 1# - OTHER STANDARD IDENTIFIER
Standard number or code 00883929005475
028 42 - PUBLISHER NUMBER
Publisher number 3000014529
Source BBC Video
028 42 - PUBLISHER NUMBER
Publisher number 1000036150
Source BBC Video
028 42 - PUBLISHER NUMBER
Publisher number 1000379767
Source Warner Home Video
029 1# - (OCLC)
OCLC library identifier AU@
System control number 000043232641
029 1# - (OCLC)
OCLC library identifier NZ1
System control number 12639765
035 ## - SYSTEM CONTROL NUMBER
System control number (OCoLC)180878936
037 ## - SOURCE OF ACQUISITION
Source of stock number/acquisition Midwest Tape
Note http://www.midwesttapes.com
041 0# - LANGUAGE CODE
Language code of text/sound track or separate title eng
-- eng
043 ## - GEOGRAPHIC AREA CODE
Geographic area code e-uk-en
044 ## - COUNTRY OF PUBLISHING/PRODUCING ENTITY CODE
MARC country code xx
-- xxk
-- mau
050 14 - LIBRARY OF CONGRESS CALL NUMBER
Classification number PN1992.77
Item number .P477837566 2008
082 04 - DEWEY DECIMAL CLASSIFICATION NUMBER
Classification number 791.45/72
Edition number 22
049 ## - LOCAL HOLDINGS (OCLC)
Holding library UCLB
130 0# - MAIN ENTRY--UNIFORM TITLE
Uniform title Persuasion (Television program : 2007)
9 (RLIN) 6196460
245 10 - TITLE STATEMENT
Title Persuasion
Medium [videorecording] /
Statement of responsibility, etc screenplay, Simon Burke ; producer, David Snodin ; director, Adrian Shergold ; Clerkenwell Films in association with WGBH Boston.
246 1# - VARYING FORM OF TITLE
Display text Title on container and disc label:
Title proper/short title Jane Austen's Persuasion
260 ## - PUBLICATION, DISTRIBUTION, ETC. (IMPRINT)
Place of publication, distribution, etc [England] :
Name of publisher, distributor, etc BBC Video ;
Place of publication, distribution, etc Burbank, CA :
Name of publisher, distributor, etc Distributed in the USA and Canada by Warner Home Video,
Date of publication, distribution, etc c2008.
300 ## - PHYSICAL DESCRIPTION
Extent 1 videodisc (ca. 93 min.) :
Other physical details sd., col. ;
Dimensions 4 3/4 in.
538 ## - SYSTEM DETAILS NOTE
System details note DVD. Region 1.
546 ## - LANGUAGE NOTE
Language note In English with optional English subtitles for the deaf and hearing impaired.
511 1# - PARTICIPANT OR PERFORMER NOTE
Participant or performer note Sally Hawkins, Rupert Penry-Jones, Alice Krige, Julia Davis, Amanda Hale, Tobias Menzies, Peter Wight, Sam Hazeldine, Marion Bailey, Jennifer Higham, Anthony Head.
508 ## - CREATION/PRODUCTION CREDITS NOTE
Creation/production credits note Director of photography, David Odd ; editor, Kristina Hetherington ; music, Martin Phipps ; costume designer, Andrea Galer ; production designer, David Roger.
500 ## - GENERAL NOTE
General note Based on the novel by Jane Austen.
500 ## - GENERAL NOTE
General note Originally broadcast on television in 2007.
538 ## - SYSTEM DETAILS NOTE
System details note Anamorphic widescreen format; Dolby digital stereo., DVD9, NTSC.
521 8# - TARGET AUDIENCE NOTE
Target audience note Not rated.
520 ## - SUMMARY, ETC.
Summary, etc Anne Elliot fell deeply in love with handsome young naval officer Frederick Wentworth at the age of nineteen. But with neither fortune nor rank to recommend him, Anne was persuaded to break off her engagement. Eight years later, Anne has lived to regret her decision. She never stopped loving Wentworth, and when he returns from sea with rank and fortune, she can only watch as every eligible young woman in the district falls at his feet. Can Frederick forgive Anne for listening to her family instead of her heart?
600 10 - SUBJECT ADDED ENTRY--PERSONAL NAME
Personal name Austen, Jane,
Dates associated with a name 1775-1817
Form subdivision Film and video adaptations.
9 (RLIN) 5705475
650 #0 - SUBJECT ADDED ENTRY--TOPICAL TERM
Topical term or geographic name as entry element Man-woman relationships
Form subdivision Drama.
9 (RLIN) 5673977
650 #0 - SUBJECT ADDED ENTRY--TOPICAL TERM
Topical term or geographic name as entry element Love
Form subdivision Drama.
9 (RLIN) 5705469
650 #0 - SUBJECT ADDED ENTRY--TOPICAL TERM
Topical term or geographic name as entry element Social classes
Form subdivision Drama.
9 (RLIN) 6356908
650 #0 - SUBJECT ADDED ENTRY--TOPICAL TERM
Topical term or geographic name as entry element Rejection (Psychology)
Form subdivision Drama.
9 (RLIN) 5689304
651 #0 - SUBJECT ADDED ENTRY--GEOGRAPHIC NAME
Geographic name England
General subdivision Social life and customs
Chronological subdivision 19th century
Form subdivision Drama.
9 (RLIN) 5690779
651 #0 - SUBJECT ADDED ENTRY--GEOGRAPHIC NAME
Geographic name England
Form subdivision Drama.
9 (RLIN) 5700793
600 17 - SUBJECT ADDED ENTRY--PERSONAL NAME
Personal name Austen, Jane,
Dates associated with a name 1775-1817.
Source of heading or term fast
-- (OCoLC)fst00032929
9 (RLIN) 6196462
650 #7 - SUBJECT ADDED ENTRY--TOPICAL TERM
Topical term or geographic name as entry element Love.
Source of heading or term fast
-- (OCoLC)fst01002769
9 (RLIN) 6196463
650 #7 - SUBJECT ADDED ENTRY--TOPICAL TERM
Topical term or geographic name as entry element Man-woman relationships.
Source of heading or term fast
-- (OCoLC)fst01007080
9 (RLIN) 6196464
650 #7 - SUBJECT ADDED ENTRY--TOPICAL TERM
Topical term or geographic name as entry element Manners and customs.
Source of heading or term fast
-- (OCoLC)fst01007815
9 (RLIN) 6196465
650 #7 - SUBJECT ADDED ENTRY--TOPICAL TERM
Topical term or geographic name as entry element Rejection (Psychology)
Source of heading or term fast
-- (OCoLC)fst01093554
9 (RLIN) 6196466
650 #7 - SUBJECT ADDED ENTRY--TOPICAL TERM
Topical term or geographic name as entry element Social classes.
Source of heading or term fast
-- (OCoLC)fst01122346
9 (RLIN) 6196467
651 #7 - SUBJECT ADDED ENTRY--GEOGRAPHIC NAME
Geographic name England.
Source of heading or term fast
-- (OCoLC)fst01219920
9 (RLIN) 6196468
648 #7 - SUBJECT ADDED ENTRY--CHRONOLOGICAL TERM
Chronological term 1800 - 1899
Source of heading or term fast
9 (RLIN) 5678697
655 #7 - INDEX TERM--GENRE/FORM
Genre/form data or focus term Romance television programs.
Source of term lcgft
9 (RLIN) 5715108
655 #7 - INDEX TERM--GENRE/FORM
Genre/form data or focus term Television adaptations.
Source of term lcgft
9 (RLIN) 5685124
655 #7 - INDEX TERM--GENRE/FORM
Genre/form data or focus term Made-for-TV movies.
Source of term lcgft
9 (RLIN) 6196469
655 #7 - INDEX TERM--GENRE/FORM
Genre/form data or focus term Fiction television programs.
Source of term lcgft
9 (RLIN) 5673656
655 #7 - INDEX TERM--GENRE/FORM
Genre/form data or focus term Video recordings for the hearing impaired.
Source of term lcgft
9 (RLIN) 6196470
655 #7 - INDEX TERM--GENRE/FORM
Genre/form data or focus term Melodrama
Form subdivision Television feature.
Source of term migfg
9 (RLIN) 5802857
655 #7 - INDEX TERM--GENRE/FORM
Genre/form data or focus term Adaptation
Form subdivision Television feature.
Source of term migfg
9 (RLIN) 6439823
655 #7 - INDEX TERM--GENRE/FORM
Genre/form data or focus term Television movies.
Source of term gsafd
9 (RLIN) 102730
655 #7 - INDEX TERM--GENRE/FORM
Genre/form data or focus term Melodrama.
Source of term gsafd
9 (RLIN) 6196472
655 #7 - INDEX TERM--GENRE/FORM
Genre/form data or focus term Romance films.
Source of term lcgft
9 (RLIN) 5675183
655 #7 - INDEX TERM--GENRE/FORM
Genre/form data or focus term Fiction films.
Source of term lcgft
9 (RLIN) 5674705
655 #7 - INDEX TERM--GENRE/FORM
Genre/form data or focus term Feature films.
Source of term lcgft
9 (RLIN) 6196473
655 #7 - INDEX TERM--GENRE/FORM
Genre/form data or focus term Drama.
Source of term fast
-- (OCoLC)fst01423879
9 (RLIN) 6196474
655 #7 - INDEX TERM--GENRE/FORM
Genre/form data or focus term Feature films.
Source of term fast
-- (OCoLC)fst01710384
9 (RLIN) 6196473
655 #7 - INDEX TERM--GENRE/FORM
Genre/form data or focus term Fiction films.
Source of term fast
-- (OCoLC)fst01710264
9 (RLIN) 5674705
655 #7 - INDEX TERM--GENRE/FORM
Genre/form data or focus term Fiction television programs.
Source of term fast
-- (OCoLC)fst01710265
9 (RLIN) 5673656
655 #7 - INDEX TERM--GENRE/FORM
Genre/form data or focus term Film adaptations.
Source of term fast
-- (OCoLC)fst01710491
9 (RLIN) 6196475
655 #7 - INDEX TERM--GENRE/FORM
Genre/form data or focus term Made-for-TV movies.
Source of term fast
-- (OCoLC)fst01710404
9 (RLIN) 6196469
655 #7 - INDEX TERM--GENRE/FORM
Genre/form data or focus term Romance films.
Source of term fast
-- (OCoLC)fst01710332
9 (RLIN) 5675183
655 #7 - INDEX TERM--GENRE/FORM
Genre/form data or focus term Romance television programs.
Source of term fast
-- (OCoLC)fst01710333
9 (RLIN) 5715108
655 #7 - INDEX TERM--GENRE/FORM
Genre/form data or focus term Television adaptations.
Source of term fast
-- (OCoLC)fst01710478
9 (RLIN) 5685124
655 #7 - INDEX TERM--GENRE/FORM
Genre/form data or focus term Video recordings for the hearing impaired.
Source of term fast
-- (OCoLC)fst01710450
9 (RLIN) 6196470
655 #0 - INDEX TERM--GENRE/FORM
Genre/form data or focus term Romance television programs.
9 (RLIN) 5715108
655 #0 - INDEX TERM--GENRE/FORM
Genre/form data or focus term Television adaptations.
9 (RLIN) 5685124
655 #0 - INDEX TERM--GENRE/FORM
Genre/form data or focus term Made-for-TV movies.
9 (RLIN) 6196469
655 #0 - INDEX TERM--GENRE/FORM
Genre/form data or focus term Fiction television programs.
9 (RLIN) 5673656
655 #0 - INDEX TERM--GENRE/FORM
Genre/form data or focus term Video recordings for the hearing impaired.
9 (RLIN) 6196470
700 1# - ADDED ENTRY--PERSONAL NAME
Personal name Burke, Simon,
Dates associated with a name 1961-
Relator code aus
9 (RLIN) 6196476
700 1# - ADDED ENTRY--PERSONAL NAME
Personal name Snodin, David.
Relator code pro
9 (RLIN) 6196477
700 1# - ADDED ENTRY--PERSONAL NAME
Personal name Shergold, Adrian.
Relator code drt
9 (RLIN) 5742440
700 1# - ADDED ENTRY--PERSONAL NAME
Personal name Hawkins, Sally.
Relator code act
9 (RLIN) 78017
700 1# - ADDED ENTRY--PERSONAL NAME
Personal name Penry-Jones, Rupert,
Dates associated with a name 1970-
Relator code act
9 (RLIN) 73689
700 1# - ADDED ENTRY--PERSONAL NAME
Personal name Krige, Alice,
Dates associated with a name 1954-
Relator code act
9 (RLIN) 63420
700 1# - ADDED ENTRY--PERSONAL NAME
Personal name Davis, Julia,
Dates associated with a name 1966-
Relator code act
9 (RLIN) 6196478
700 1# - ADDED ENTRY--PERSONAL NAME
Personal name Hale, Amanda,
Dates associated with a name 1982-
Relator code act
9 (RLIN) 6196479
700 1# - ADDED ENTRY--PERSONAL NAME
Personal name Menzies, Tobias,
Dates associated with a name 1974-
Relator code act
9 (RLIN) 74009
700 1# - ADDED ENTRY--PERSONAL NAME
Personal name Wight, Peter,
Dates associated with a name 1950-
Relator code act
9 (RLIN) 78015
700 1# - ADDED ENTRY--PERSONAL NAME
Personal name Hazeldine, Sam,
Dates associated with a name 1972-
Relator code act
9 (RLIN) 6196480
700 1# - ADDED ENTRY--PERSONAL NAME
Personal name Bailey, Marion.
Relator code act
9 (RLIN) 6196481
700 1# - ADDED ENTRY--PERSONAL NAME
Personal name Higham, Jennifer,
Dates associated with a name 1984-
Relator code act
9 (RLIN) 6196482
700 1# - ADDED ENTRY--PERSONAL NAME
Personal name Head, Anthony Stewart,
Dates associated with a name 1954-
Relator code act
9 (RLIN) 64975
700 1# - ADDED ENTRY--PERSONAL NAME
Personal name Austen, Jane,
Dates associated with a name 1775-1817.
Relator code ant
Title of a work Persuasion.
9 (RLIN) 5690783
710 2# - ADDED ENTRY--CORPORATE NAME
Corporate name or jurisdiction name as entry element Clerkenwell Films.
9 (RLIN) 6196483
710 2# - ADDED ENTRY--CORPORATE NAME
Corporate name or jurisdiction name as entry element WGBH (Television station : Boston, Mass.)
9 (RLIN) 12801
938 ## -
-- Baker and Taylor
-- BTCP
-- BEDDBBCV1000036150
938 ## -
-- Brodart
-- BROD
-- 10516204
-- $19.98
994 ## -
-- C0
-- UINTA
Holdings
Withdrawn status Lost status Source of classification or shelving scheme Damaged status Not for loan Collection code Home library Current library Shelving location Date acquired Source of acquisition Cost, normal purchase price Total Checkouts Total Renewals Full call number Barcode Checked out Date last seen Date checked out Cost, replacement price Price effective from Koha item type
    Dewey Decimal Classification     Movies Wasatch County Library Wasatch County Library Audio Visual Area 08/18/2010 Amazon 15.95 155 32 DVD Per 34301000960072 03/23/2026 03/02/2026 03/02/2026 15.95 03/20/2020 DVD
This project was made possible through a grant from the Institute of Museum and Library Service administered by the Utah State Library Division.

Wasatch County Library

  • 465 East 1200 South, Heber City, Utah 84032
  • Phone 435-654-1511 | Fax 435-654-6456

Hours

  • Monday - Friday 9:30 AM - 8:00 PM
  • Saturday 9:30 AM - 1:30 PM
  • Closed Sundays and Holidays